[Event "11. Lovsprings EMT Basis 1 2000"]
[Site "Ringsted"]
[Date "2000.03.24"]
[Round "1"]
[White "Alstrup, Thomas"]
[Black "Madsen, Morten"]
[Result "1/2-1/2"]
[WhiteElo "1763"]
[BlackElo "1866"]
[PlyCount "140"]
[EventDate "2000.??.??"]

1. d4 c5 2. e3 e6 3. Nf3 d5 4. c3 Nf6 5. Bd3 b6 6. Nbd2 Bb7 7. O-O Be7 8. Re1
O-O 9. e4 dxe4 10. Nxe4 cxd4 11. Nxd4 Na6 12. Bg5 Nc5 13. Bxf6 Bxf6 14. Nxf6+
Qxf6 15. Bc2 Qg5 16. Nf3 Qg4 17. Re3 Rad8 18. Qe2 Rd6 19. h3 Qh5 20. Rd1 Rfd8
21. Rxd6 Rxd6 22. Nd4 Qxe2 23. Rxe2 Ba6 24. Rd2 h6 25. Nb3 Rxd2 26. Nxd2 Kf8
27. f3 Ke7 28. Kf2 f5 29. Ke3 Kd6 30. f4 Nd7 31. Nf3 Nf6 32. g3 Bf1 33. Ng1 Bc4
34. b3 Ba6 35. Bd3 Nd5+ 36. Kd4 Bb7 37. h4 Nf6 38. Be2 Be4 39. Nh3 Bb1 40. a3
Bc2 41. Bf3 Bxb3 42. Nf2 Bd5 43. Be2 Bb7 44. Bd1 Nd5 45. Bb3 Nc7 46. c4 Na6 47.
Bd1 Nb8 48. Ba4 Bc6 49. Bd1 Be8 50. Bf3 Nd7 51. Nd3 Nc5 52. Ne5 a6 53. Kc3 g5
54. Bg2 gxh4 55. gxh4 Bh5 56. Bc6 Bd1 57. Bg2 h5 58. Nf7+ Ke7 59. Ne5 Kf6 60.
Bc6 Ke7 61. Bg2 Kd6 62. Nf7+ Ke7 63. Ne5 Be2 64. Bc6 a5 65. Bg2 Nd7 66. Nxd7
Kxd7 67. Kd4 Kd6 68. Bb7 Bd1 69. Bg2 Ba4 70. Bf3 Be8 1/2-1/2

[Event "11. Lovsprings EMT Basis 1 2000"]
[Site "Ringsted"]
[Date "2000.03.24"]
[Round "1"]
[White "Dickow, Flemming"]
[Black "Henriksen, Kasper"]
[Result "0-1"]
[WhiteElo "1739"]
[BlackElo "1756"]
[PlyCount "56"]
[EventDate "2000.??.??"]

1. b3 e5 2. Bb2 Nc6 3. e3 Nf6 4. Nf3 d6 5. Be2 g6 6. O-O Bg7 7. d3 O-O 8. Nbd2
Qe7 9. c4 Ne8 10. a3 f5 11. b4 a6 12. b5 axb5 13. cxb5 Nd8 14. Qc2 Be6 15. Rfc1
c6 16. a4 Qd7 17. b6 Nf7 18. a5 g5 19. d4 e4 20. Ne1 d5 21. Ba3 Ned6 22. Bc5 f4
23. Bf1 fxe3 24. fxe3 Nd8 25. Nb3 Qf7 26. Qe2 Bg4 27. Nf3 exf3 28. gxf3 Bxf3
0-1

[Event "11. Lovsprings EMT Basis 1 2000"]
[Site "Ringsted"]
[Date "2000.03.24"]
[Round "1"]
[White "Eckert, Svend"]
[Black "Hansen, Erik Olsgaard"]
[Result "0-1"]
[WhiteElo "1650"]
[BlackElo "1659"]
[PlyCount "130"]
[EventDate "2000.??.??"]

1. e4 c6 2. f4 d5 3. e5 e6 4. d4 c5 5. Nf3 Nc6 6. c3 Qb6 7. b3 cxd4 8. cxd4
Bb4+ 9. Kf2 Nh6 10. h3 Bd7 11. a3 Be7 12. g4 f6 13. Nc3 Nf7 14. Na4 Qd8 15. b4
fxe5 16. dxe5 b6 17. Bb2 O-O 18. h4 Nh6 19. Kg3 Qe8 20. Ng5 Nf7 21. Bd3 g6 22.
Qc2 Ncxe5 23. Bxe5 Nxe5 24. fxe5 Bxa4 25. Qd2 Bxg5 26. Qxg5 Bb5 27. Qe3 Rc8 28.
Rac1 Rxc1 29. Rxc1 Bxd3 30. Qxd3 Qf7 31. Qe3 Qd7 32. h5 gxh5 33. Qg5+ Qg7 34.
Qxh5 Qf7 35. Qg5+ Kh8 36. Qe3 Qg7 37. Rh1 Rf5 38. Rc1 Rf8 39. Rh1 Qg6 40. Rh6
Qf7 41. Rf6 Qe7 42. g5 Rxf6 43. gxf6 Qf7 44. Qf4 Qg6+ 45. Kf3 h5 46. Ke3 Kg8
47. Qh4 Kf7 48. a4 a5 49. bxa5 bxa5 50. Qh1 Qg5+ 51. Kd4 Qf4+ 52. Kc5 Qxe5 53.
Qf3 Qxf6 54. Qxh5+ Qg6 55. Qf3+ Ke7 56. Kb5 Qe4 57. Qd1 Qb4+ 58. Ka6 Kd6 59.
Qa1 Kc6 60. Qg1 d4 61. Qg2+ Kc5 62. Qg5+ Kc4 63. Qe5 Qxa4 64. Qxe6+ Kc3 65.
Qc8+ Qc4+ 0-1

[Event "11. Lovsprings EMT Basis 1 2000"]
[Site "Ringsted"]
[Date "2000.03.24"]
[Round "1"]
[White "Hove, Lars"]
[Black "Nielsen, Carl Otto"]
[Result "1/2-1/2"]
[WhiteElo "1632"]
[BlackElo "1729"]
[PlyCount "91"]
[EventDate "2000.??.??"]

1. e4 c5 2. Nf3 Nc6 3. Bb5 d6 4. c3 Bd7 5. d3 Nf6 6. Nbd2 e6 7. Ba4 Be7 8. Bc2
O-O 9. Nf1 b5 10. Ng3 b4 11. h4 e5 12. Nf5 d5 13. Nxe7+ Qxe7 14. Bg5 dxe4 15.
Bxf6 Qxf6 16. Ng5 Rad8 17. Nxe4 Qe7 18. Qh5 f5 19. Ng5 g6 20. Bb3+ Kh8 21. Qh6
Qg7 22. Qxg7+ Kxg7 23. Bd5 h6 24. Bxc6 hxg5 25. Bxd7 Rxd7 26. O-O-O g4 27. Rhe1
Kf6 28. Re3 Rfd8 29. Rde1 Re7 30. Kc2 Rd5 31. g3 Re6 32. Kb3 Red6 33. Kc4 f4
34. gxf4 exf4 35. Re8 Rd8 36. Rxd8 Rxd8 37. d4 cxd4 38. cxd4 Rc8+ 39. Kd3 Rh8
40. Re4 g5 41. hxg5+ Kxg5 42. Re5+ Kf6 43. Ke4 g3 44. fxg3 fxg3 45. Kf3 Rh4 46.
Ra5 1/2-1/2

[Event "11. Lovsprings EMT Basis 1 2000"]
[Site "Ringsted"]
[Date "2000.03.26"]
[Round "1"]
[White "Jensen, Karsten"]
[Black "Olsen, Morten Henrik"]
[Result "1/2-1/2"]
[WhiteElo "1652"]
[BlackElo "1654"]
[PlyCount "23"]
[EventDate "2000.??.??"]

1. d4 Nf6 2. c4 e6 3. Nc3 Bb4 4. Qc2 O-O 5. a3 Bxc3+ 6. bxc3 d5 7. e3 b6 8. Bd3
Ba6 9. cxd5 Bxd3 10. Qxd3 exd5 11. Nf3 Nbd7 12. O-O 1/2-1/2

[Event "11. Lovsprings EMT Basis 1 2000"]
[Site "Ringsted"]
[Date "2000.03.24"]
[Round "1"]
[White "Larsen, Soren M"]
[Black "Jensen, Morten Frank"]
[Result "1/2-1/2"]
[WhiteElo "1794"]
[BlackElo "1829"]
[PlyCount "55"]
[EventDate "2000.??.??"]

1. Nc3 d5 2. e4 dxe4 3. Nxe4 Bf5 4. Ng3 Bg6 5. d4 e6 6. Nf3 Nf6 7. Bd3 c6 8. c3
Bd6 9. Qc2 Nbd7 10. Bg5 Qc7 11. O-O-O Bxd3 12. Qxd3 h6 13. Bd2 O-O-O 14. Ne4
Nxe4 15. Qxe4 Nf6 16. Qe2 Rhe8 17. Ne5 Nd5 18. g3 f6 19. Nc4 Bf8 20. Rhe1 b5
21. Ne3 Nxe3 22. Bxe3 e5 23. Qg4+ Kb7 24. dxe5 Rxe5 25. Rxd8 Qxd8 26. Rd1 Rd5
27. Rxd5 Qxd5 28. Qd4 1/2-1/2

[Event "11. Lovsprings EMT Basis 1 2000"]
[Site "Ringsted"]
[Date "2000.03.24"]
[Round "1"]
[White "Pedersen, Allan"]
[Black "Larsen, Vagn"]
[Result "1/2-1/2"]
[WhiteElo "1672"]
[BlackElo "1686"]
[PlyCount "53"]
[EventDate "2000.??.??"]

1. d4 Nf6 2. Bf4 d5 3. e3 Bf5 4. Bd3 Bxd3 5. Qxd3 Nbd7 6. Nd2 g6 7. Ngf3 Bg7 8.
h3 c6 9. O-O O-O 10. c3 Re8 11. Ne5 Nh5 12. Nxd7 Nxf4 13. exf4 Qxd7 14. Kh2 f6
15. Nf3 e5 16. fxe5 fxe5 17. dxe5 Bxe5+ 18. Kg1 Bf6 19. Rfe1 Rxe1+ 20. Rxe1 Re8
21. Rxe8+ Qxe8 22. Kf1 Qe7 23. Qe2 Kf7 24. Qd3 a6 25. g3 Qf8 26. Qe3 Qe7 27.
Qd3 1/2-1/2

[Event "11. Lovsprings EMT Basis 1 2000"]
[Site "Ringsted"]
[Date "2000.03.24"]
[Round "1"]
[White "Rasmussen, Henning"]
[Black "Jorgensen, Lars"]
[Result "1-0"]
[WhiteElo "1834"]
[BlackElo "1801"]
[PlyCount "79"]
[EventDate "2000.??.??"]

1. d4 Nf6 2. c4 e6 3. Nc3 d5 4. Bg5 Be7 5. e3 Nbd7 6. Nf3 O-O 7. Bd3 dxc4 8.
Bxc4 c5 9. O-O cxd4 10. Nxd4 h6 11. Bh4 Ne5 12. Be2 Bd7 13. Qb3 Nc6 14. Rfd1
Na5 15. Qc2 Rc8 16. Bf3 g5 17. Bg3 Nd5 18. Bxd5 exd5 19. Nf5 Bf6 20. Rxd5 Bxc3
21. bxc3 Qf6 22. Nd4 Rfd8 23. Rxa5 b5 24. Qe4 Rxc3 25. Rxa7 Rdc8 26. Ra8 Qa6
27. Rxc8+ Qxc8 28. h3 h5 29. Qe5 Rc5 30. Qb8 h4 31. Qxc8+ Bxc8 32. Bd6 Rd5 33.
Bb4 g4 34. hxg4 Bxg4 35. f3 Bd7 36. Kf2 Rg5 37. Rh1 Rh5 38. a3 Kg7 39. Rc1 h3
40. gxh3 1-0

[Event "11. Lovsprings EMT Basis 1 2000"]
[Site "Ringsted"]
[Date "2000.03.24"]
[Round "1"]
[White "Schroder, Jan Morville"]
[Black "Vandrup, Lars"]
[Result "1-0"]
[WhiteElo "1811"]
[BlackElo "1674"]
[PlyCount "89"]
[EventDate "2000.??.??"]

1. d4 Nf6 2. c4 e5 3. dxe5 Ng4 4. Nf3 Bc5 5. e3 Nc6 6. Be2 Ngxe5 7. Nxe5 Nxe5
8. Nc3 d6 9. O-O O-O 10. a3 a5 11. b3 Be6 12. Bb2 Qh4 13. Nd5 Bxd5 14. cxd5
Rfe8 15. h3 Re7 16. Qd2 Bb6 17. Rac1 Rf8 18. Bc3 Ra8 19. Bb5 Qh6 20. Rfd1 Nd7
21. Bxd7 Rxd7 22. a4 Re7 23. Bd4 Bxd4 24. Qxd4 f5 25. Rc4 Re4 26. Qc3 Rxc4 27.
Qxc4 Rc8 28. Qb5 Qf6 29. Qxb7 Qd8 30. Rc1 Rb8 31. Qxc7 Qxc7 32. Rxc7 Rxb3 33.
Ra7 Rb6 34. Rxa5 Kf7 35. Kh2 Kf6 36. Kg3 g5 37. Rb5 Ra6 38. a5 h5 39. Kf3 Ke5
40. Ke2 Ra8 41. Kd3 h4 42. f3 Rc8 43. a6 Ra8 44. Ra5 Ra7 45. Kc3 1-0

[Event "11. Lovsprings EMT Basis 1 2000"]
[Site "Ringsted"]
[Date "2000.03.31"]
[Round "2"]
[White "Alstrup, Thomas"]
[Black "Pedersen, Allan"]
[Result "1-0"]
[WhiteElo "1763"]
[BlackElo "1672"]
[PlyCount "57"]
[EventDate "2000.??.??"]

1. d4 d5 2. Nc3 Bf5 3. f3 e6 4. e4 Bg6 5. Bb5+ c6 6. Ba4 Bb4 7. exd5 exd5 8.
Bf4 Ne7 9. Bg3 Bxc3+ 10. bxc3 Qa5 11. Bb3 Qxc3+ 12. Kf2 O-O 13. Ne2 Qa5 14. Bd6
Re8 15. Nf4 Nd7 16. Nxg6 Nxg6 17. Qd3 Re6 18. Bg3 Rae8 19. Rhd1 Nf6 20. Kf1 Nh5
21. Be1 Qc7 22. Kg1 Qd7 23. Bf2 Ngf4 24. Qf1 Rg6 25. g3 Qf5 26. Re1 Ne6 27. c4
Qxf3 28. Bd1 Qf5 29. Re5 1-0

[Event "11. Lovsprings EMT Basis 1 2000"]
[Site "Ringsted"]
[Date "2000.03.31"]
[Round "2"]
[White "Dickow, Flemming"]
[Black "Jensen, Karsten"]
[Result "1-0"]
[WhiteElo "1739"]
[BlackElo "1652"]
[PlyCount "89"]
[EventDate "2000.??.??"]

1. e4 c5 2. Nc3 Nc6 3. g3 g6 4. Bg2 Bg7 5. d3 d6 6. Be3 Rb8 7. f4 Nf6 8. h3 Nd4
9. Nge2 Nd7 10. O-O O-O 11. Qd2 b5 12. Kh2 Nxe2 13. Qxe2 b4 14. Nd1 Nb6 15. c4
f5 16. Rc1 a5 17. Bg1 Qc7 18. Re1 e5 19. Be3 fxe4 20. dxe4 Be6 21. b3 Nd7 22.
Nf2 exf4 23. gxf4 Nf6 24. Bf3 Bh6 25. Qd2 Bg7 26. Rg1 Rbd8 27. Rg3 Rf7 28. Rcg1
Rdf8 29. Kh1 Ne8 30. Nd3 Kh8 31. Qg2 Bh6 32. Bc1 Bxf4 33. Nxf4 Rxf4 34. Bxf4
Rxf4 35. Qd2 Qf7 36. Qe3 Bd7 37. Kg2 a4 38. Rd1 Qf6 39. e5 Qh4 40. exd6 Ng7 41.
Qe7 Bxh3+ 42. Rxh3 Rg4+ 43. Bxg4 Qxg4+ 44. Rg3 Qxd1 45. Qf8# 1-0

[Event "11. Lovsprings EMT Basis 1 2000"]
[Site "Ringsted"]
[Date "2000.03.31"]
[Round "2"]
[White "Henriksen, Kasper"]
[Black "Hansen, Erik Olsgaard"]
[Result "1-0"]
[WhiteElo "1756"]
[BlackElo "1659"]
[PlyCount "55"]
[EventDate "2000.??.??"]

1. Nf3 d5 2. d4 c6 3. c4 Bf5 4. Nc3 e6 5. Bg5 Be7 6. Bxe7 Nxe7 7. e3 O-O 8. Be2
Nd7 9. O-O dxc4 10. Bxc4 Nd5 11. Qb3 Nxc3 12. Qxc3 Nb6 13. Nd2 Qg5 14. Kh1 h5
15. Rfe1 Rfd8 16. e4 Bg6 17. Nf3 Qf6 18. Rac1 Nxc4 19. Qxc4 Qf4 20. Qe2 f5 21.
e5 h4 22. Qe3 Qg4 23. h3 Qe4 24. Qg5 Qd5 25. Qxg6 Qxa2 26. Ng5 Qxb2 27. Qh7+
Kf8 28. Qh8+ 1-0

[Event "11. Lovsprings EMT Basis 1 2000"]
[Site "Ringsted"]
[Date "2000.03.31"]
[Round "2"]
[White "Jensen, Morten Frank"]
[Black "Nielsen, Carl Otto"]
[Result "1-0"]
[WhiteElo "1829"]
[BlackElo "1729"]
[PlyCount "71"]
[EventDate "2000.??.??"]

1. Nc3 c5 2. Nf3 Nc6 3. d4 cxd4 4. Nxd4 Nf6 5. Bf4 d6 6. Nxc6 bxc6 7. e4 e5 8.
Bg5 Be7 9. Bc4 O-O 10. O-O Be6 11. Bb3 Qc7 12. Qe2 a5 13. Kh1 Ne8 14. Be3 Nf6
15. Rad1 Rfd8 16. Na4 Rab8 17. Bxe6 fxe6 18. f3 d5 19. b3 d4 20. Bc1 Bb4 21. f4
Bd6 22. fxe5 Bxe5 23. Nc5 Qe7 24. Qc4 Re8 25. Nd3 Bxh2 26. Kxh2 Nxe4 27. g3 Rb5
28. Qxc6 Rh5+ 29. Kg2 Nxg3 30. Ba3 Qd8 31. Rf4 Nf5 32. Kf3 Rh3+ 33. Ke2 e5 34.
Rxf5 g6 35. Rg1 e4 36. Rxg6+ 1-0

[Event "11. Lovsprings EMT Basis 1 2000"]
[Site "Ringsted"]
[Date "2000.03.31"]
[Round "2"]
[White "Larsen, Soren M"]
[Black "Hove, Lars"]
[Result "1-0"]
[WhiteElo "1794"]
[BlackElo "1632"]
[PlyCount "45"]
[EventDate "2000.??.??"]

1. Nc3 c5 2. e4 Nc6 3. f4 e6 4. Nf3 a6 5. Be2 Nd4 6. O-O Nxe2+ 7. Nxe2 Nf6 8.
d3 Qc7 9. c3 b5 10. e5 Nd5 11. c4 bxc4 12. dxc4 Ne7 13. Ng3 Bb7 14. Qd3 Rd8 15.
Be3 d5 16. exd6 Rxd6 17. Qa3 Ng6 18. f5 exf5 19. Bxc5 f4 20. Nf5 Rd3 21. Rae1+
Ne7 22. Qxd3 Qxc5+ 23. Kh1 1-0

[Event "11. Lovsprings EMT Basis 1 2000"]
[Site "Ringsted"]
[Date "2000.03.31"]
[Round "2"]
[White "Madsen, Morten"]
[Black "Larsen, Vagn"]
[Result "1-0"]
[WhiteElo "1866"]
[BlackElo "1686"]
[PlyCount "195"]
[EventDate "2000.??.??"]

1. d4 Nf6 2. Bg5 e6 3. e4 h6 4. Bxf6 Qxf6 5. e5 Qd8 6. Nf3 c5 7. c3 Nc6 8. d5
exd5 9. Qxd5 d6 10. Bb5 Qc7 11. O-O Be6 12. Qe4 d5 13. Qe3 Be7 14. Nbd2 a6 15.
Ba4 b5 16. Bc2 c4 17. Rfe1 Rc8 18. Nd4 Nxd4 19. Qxd4 Qc5 20. Nf3 Qxd4 21. Nxd4
Bc5 22. Rad1 Ke7 23. f4 g6 24. Kf2 h5 25. h3 Rc7 26. Kf3 Bxd4 27. Rxd4 a5 28.
a3 a4 29. Ke3 Rd7 30. Rf1 f5 31. Bd1 Rdd8 32. Bf3 Rd7 33. Rfd1 Rhd8 34. g4 fxg4
35. hxg4 hxg4 36. Bg2 Bf7 37. Kf2 Ke6 38. Kg3 Kf5 39. Rh1 g5 40. fxg5 Kxg5 41.
Rxg4+ Kf5 42. Re1 Bh5 43. Rf4+ Kg5 44. e6 Rg7 45. Re5+ Kh6+ 46. Kf2 Rg5 47.
Rxg5 Kxg5 48. Rd4 Kf6 49. Bxd5 Be8 50. Ke3 Rd6 51. Kf4 Bc6 52. Bxc6 Rxc6 53.
Rd5 Rb6 54. e7 Kxe7 55. Ke5 Rh6 56. Kd4 Rh4+ 57. Kc5 Rh2 58. Kxb5 Rxb2+ 59.
Kxc4 Rb3 60. Ra5 Rxa3 61. Ra6 Kd7 62. Rb6 Ra1 63. Kd3 a3 64. Ra6 a2 65. Kc2 Kc7
66. Kb2 Rb1+ 67. Kxa2 Rb8 68. Ra3 Kc6 69. Rb3 Ra8+ 70. Kb2 Kc5 71. Kc2 Rh8 72.
Rb7 Rh2+ 73. Kb3 Rh3 74. Rg7 Rh5 75. Ra7 Rh3 76. Ra5+ Kb6 77. Rg5 Kc6 78. Kb4
Rh4+ 79. c4 Rh1 80. Rg6+ Kb7 81. Rd6 Kc7 82. Kc5 Rh5+ 83. Rd5 Rh1 84. Rg5 Rh7
85. Kb5 Rh1 86. Rg7+ Kc8 87. c5 Rb1+ 88. Kc6 Kd8 89. Rg8+ Ke7 90. Kc7 Rc1 91.
c6 Rc2 92. Rg6 Ke8 93. Kc8 Ke7 94. c7 Rc1 95. Rb6 Ke8 96. Rh6 Ke7 97. Kb7 Rb1+
98. Rb6 1-0

[Event "11. Lovsprings EMT Basis 1 2000"]
[Site "Ringsted"]
[Date "2000.03.31"]
[Round "2"]
[White "Olsen, Morten Henrik"]
[Black "Eckert, Svend"]
[Result "1-0"]
[WhiteElo "1654"]
[BlackElo "1650"]
[PlyCount "75"]
[EventDate "2000.??.??"]

1. e4 c5 2. Nf3 Nc6 3. d4 cxd4 4. Nxd4 Nf6 5. Nc3 e6 6. f4 Bb4 7. Qd3 d5 8. e5
Ne4 9. Nxc6 bxc6 10. Bd2 Bxc3 11. Bxc3 O-O 12. Be2 a5 13. Qe3 c5 14. Bf3 Nxc3
15. Qxc3 Qc7 16. O-O-O a4 17. h4 f5 18. Rxd5 c4 19. Rd4 Ba6 20. Bxa8 Rxa8 21.
Rhd1 Qe7 22. Qg3 Bb5 23. Qg5 Qxg5 24. hxg5 Kf7 25. Rd8 Ra7 26. Rh1 a3 27. bxa3
Rxa3 28. Kb2 Rg3 29. Rxh7 Rxg2 30. Rb8 Kg6 31. Rxg7+ Kxg7 32. Rxb5 Rg4 33. a4
Rxf4 34. a5 Kg6 35. Kc3 Kxg5 36. a6 Rf3+ 37. Kb4 Rf2 38. a7 1-0

[Event "11. Lovsprings EMT Basis 1 2000"]
[Site "Ringsted"]
[Date "2000.03.31"]
[Round "2"]
[White "Schroder, Jan Morville"]
[Black "Rasmussen, Henning"]
[Result "1-0"]
[WhiteElo "1811"]
[BlackElo "1834"]
[PlyCount "71"]
[EventDate "2000.??.??"]

1. d4 e6 2. e4 d5 3. Nd2 Nf6 4. e5 Nfd7 5. Bd3 c5 6. c3 Nc6 7. Ne2 cxd4 8. cxd4
f6 9. Nf4 Nxd4 10. Qh5+ Ke7 11. Ng6+ hxg6 12. exf6+ Nxf6 13. Qxh8 Kf7 14. Qh4
e5 15. Nf3 Nxf3+ 16. gxf3 Bf5 17. Bxf5 gxf5 18. O-O Bc5 19. Bg5 Qb6 20. Rac1
Bd6 21. Rc2 Rg8 22. Rfc1 d4 23. Rc8 Rxc8 24. Rxc8 Be7 25. Qh8 Kg6 26. h4 Qe6
27. Rc7 d3 28. Bd2 e4 29. h5+ Kf7 30. h6 Ne8 31. Qh7 Kf8 32. hxg7+ Nxg7 33. Bh6
Bf6 34. Bxg7+ Bxg7 35. Qxg7+ Ke8 36. Qh8+ 1-0

[Event "11. Lovsprings EMT Basis 1 2000"]
[Site "Ringsted"]
[Date "2000.03.31"]
[Round "2"]
[White "Vandrup, Lars"]
[Black "Jorgensen, Lars"]
[Result "0-1"]
[WhiteElo "1674"]
[BlackElo "1801"]
[PlyCount "62"]
[EventDate "2000.??.??"]

1. e4 c5 2. Nc3 Nc6 3. f4 d6 4. Nf3 g6 5. Bb5 Bg7 6. O-O Bd7 7. d3 Nf6 8. Qe1
O-O 9. Bxc6 Bxc6 10. Qh4 Qc7 11. f5 b5 12. Ne2 c4 13. Bg5 cxd3 14. cxd3 Bd7 15.
Rac1 Qb6+ 16. Kh1 Rac8 17. Bh6 Rxc1 18. Rxc1 Bxh6 19. Qxh6 Ng4 20. Qh4 Nf2+ 21.
Kg1 Nxd3+ 22. Kf1 Nxc1 23. Ng5 h5 24. Nxc1 Qd4 25. Ne2 Qxb2 26. g4 b4 27. gxh5
gxf5 28. h6 Bb5 29. h7+ Kg7 30. Ne6+ fxe6 31. Qxe7+ Rf7 0-1

[Event "11. Lovsprings EMT Basis 1 2000"]
[Site "Ringsted"]
[Date "2000.04.07"]
[Round "3"]
[White "Alstrup, Thomas"]
[Black "Larsen, Soren M"]
[Result "1/2-1/2"]
[WhiteElo "1763"]
[BlackElo "1794"]
[PlyCount "113"]
[EventDate "2000.??.??"]

1. d4 c6 2. Nf3 d5 3. g3 g6 4. Bg2 Bg7 5. O-O Nf6 6. c4 dxc4 7. Ne5 O-O 8. Nxc4
Be6 9. Nba3 Bd5 10. f3 Bxc4 11. Nxc4 Qd5 12. Ne3 Qd6 13. Nc2 e5 14. dxe5 Qxe5
15. e4 Na6 16. Rb1 Rfd8 17. Qe2 Nc5 18. Bf4 Qe7 19. Rfd1 Nh5 20. Rxd8+ Rxd8 21.
Be3 Na4 22. Ne1 b5 23. Qc2 Qd6 24. Bxa7 c5 25. Rc1 Qd7 26. b3 Qxa7 27. bxa4
Qxa4 28. Qxa4 bxa4 29. Kf1 Rd2 30. Rc2 Rxc2 31. Nxc2 Kf8 32. f4 Ke8 33. Ke2 Kd7
34. Kd3 Kc7 35. Bf3 Nf6 36. e5 Nd7 37. Bd5 f5 38. e6 Nb6 39. Ne3 Kd6 40. Nc4+
Nxc4 41. Bxc4 Bd4 42. Ke2 Ke7 43. h3 h5 44. Kf3 Kf6 45. g4 hxg4+ 46. hxg4 fxg4+
47. Kxg4 Bb2 48. Bd3 Kxe6 49. Bxg6 Kd5 50. Be8 a3 51. Ba4 Kc4 52. Kf3 Kd3 53.
Kf2 Bc1 54. f5 Kc3 55. Ke2 c4 56. Bb5 Bg5 57. Kd1 1/2-1/2

[Event "11. Lovsprings EMT Basis 1 2000"]
[Site "Ringsted"]
[Date "2000.04.07"]
[Round "3"]
[White "Henriksen, Kasper"]
[Black "Schroder, Jan Morville"]
[Result "0-1"]
[WhiteElo "1756"]
[BlackElo "1811"]
[PlyCount "42"]
[EventDate "2000.??.??"]

1. e4 e6 2. d4 d5 3. Nc3 Bb4 4. e5 c5 5. a3 Bxc3+ 6. bxc3 Qa5 7. Bd2 Qa4 8. Qg4
Ne7 9. Qxg7 Rg8 10. Qxh7 cxd4 11. Nf3 dxc3 12. Bxc3 Nbc6 13. h4 Bd7 14. Ng5
O-O-O 15. Nxf7 Rdf8 16. Nd6+ Kc7 17. g3 Ng6 18. Bd3 Ngxe5 19. Nb5+ Kd8 20. f4
Rh8 21. Qg7 Nxd3+ 0-1

[Event "11. Lovsprings EMT Basis 1 2000"]
[Site "Ringsted"]
[Date "2000.04.07"]
[Round "3"]
[White "Jensen, Karsten"]
[Black "Pedersen, Allan"]
[Result "1-0"]
[WhiteElo "1652"]
[BlackElo "1672"]
[PlyCount "106"]
[EventDate "2000.??.??"]

1. e4 c5 2. Nf3 d6 3. d4 cxd4 4. Nxd4 a6 5. Nc3 Nf6 6. Be2 Nc6 7. Be3 Bd7 8.
Nb3 b5 9. a3 e6 10. g4 h6 11. f4 Be7 12. Qd2 Qc7 13. h3 Nh7 14. O-O-O Nf8 15.
f5 Ne5 16. Qd4 Bc6 17. Bf4 Nfd7 18. fxe6 fxe6 19. Qd2 Nb6 20. Nd4 Bd7 21. h4
Nbc4 22. Bxc4 Nxc4 23. Qg2 Nxa3 24. e5 O-O 25. Nf5 exf5 26. exd6 Qc4 27. dxe7
Qxf4+ 28. Qd2 Qxd2+ 29. Rxd2 Rfe8 30. Rxd7 Nc4 31. gxf5 Ne5 32. Rc7 Kf7 33. Nd5
Ng4 34. Re1 Nf6 35. Nf4 Rac8 36. Ra7 Ra8 37. Rxa8 Rxa8 38. Re6 Ra7 39. Ng6 Ra8
40. Ne5+ Kg8 41. Nc6 Ne8 42. Nd8 Ra7 43. c3 Rd7 44. Kc2 Rd6 45. Re5 g6 46. fxg6
Rxg6 47. Kb3 Kg7 48. Kb4 Rd6 49. Rf5 Rf6 50. Rxf6 Kxf6 51. Nc6 Ke6 52. Ka5 Kd6
53. Nd4 Nc7 1-0

[Event "11. Lovsprings EMT Basis 1 2000"]
[Site "Ringsted"]
[Date "2000.04.07"]
[Round "3"]
[White "Larsen, Vagn"]
[Black "Hove, Lars"]
[Result "1-0"]
[WhiteElo "1686"]
[BlackElo "1632"]
[PlyCount "67"]
[EventDate "2000.??.??"]

1. d4 Nf6 2. Nf3 g6 3. g3 c6 4. Bg2 Bg7 5. b3 O-O 6. O-O Ne4 7. Bb2 d6 8. Nbd2
f5 9. c4 Nd7 10. Nxe4 fxe4 11. Ng5 Nf6 12. Nxe4 Nxe4 13. Bxe4 Bh3 14. Re1 d5
15. cxd5 cxd5 16. Bg2 Bxg2 17. Kxg2 h5 18. Qd3 Qd6 19. h4 g5 20. e4 gxh4 21. e5
h3+ 22. Kxh3 Qe6+ 23. Kg2 Rf5 24. Rh1 Raf8 25. f4 Rxf4 26. gxf4 Qg4+ 27. Qg3
Qe2+ 28. Kh3 Kf7 29. Rhg1 Rg8 30. Rg2 Qe4 31. Rag1 Kf8 32. Qg6 Qxf4 33. Rc1
Qf3+ 34. Rg3 1-0

[Event "11. Lovsprings EMT Basis 1 2000"]
[Site "Ringsted"]
[Date "2000.04.04"]
[Round "3"]
[White "Madsen, Morten"]
[Black "Jensen, Morten Frank"]
[Result "1-0"]
[WhiteElo "1866"]
[BlackElo "1829"]
[PlyCount "111"]
[EventDate "2000.??.??"]

1. d4 Nc6 2. d5 Ne5 3. e4 e6 4. dxe6 fxe6 5. Qh5+ Ng6 6. e5 Qh4 7. Qxh4 Nxh4 8.
g3 Ng6 9. f4 Bc5 10. Nc3 a6 11. Bg2 Nh6 12. Ne4 Ba7 13. Ke2 Nf5 14. c3 O-O 15.
Nh3 d6 16. exd6 cxd6 17. Rd1 d5 18. Nef2 Rb8 19. g4 Nd6 20. b3 Nb5 21. Bd2 d4
22. c4 Nc3+ 23. Bxc3 dxc3 24. Nd3 b5 25. c5 h5 26. gxh5 Nh4 27. Rg1 Nxg2 28.
Rxg2 Bb7 29. Rg5 Be4 30. Rag1 Rb7 31. b4 Rd7 32. Nhf2 Bf5 33. Rc1 Rd4 34. Rxc3
e5 35. h6 g6 36. Nxe5 Rxb4 37. Nxg6 Rb2+ 38. Kf1 Bxg6 39. Rxg6+ Kh8 40. Nd3
Rxa2 41. Rg7 Bb8 42. c6 Rxh2 43. c7 Bxc7 44. Rcxc7 Rxh6 45. Kf2 b4 46. Rg5 Rb6
47. Rc1 Rh6 48. Rb1 Rb8 49. Rxb4 Rxb4 50. Nxb4 Rb6 51. Nd3 Kh7 52. Ke3 Kh6 53.
Ke4 Kh7 54. Ra5 Kg7 55. Nc5 Rb4+ 56. Ke5 1-0

[Event "11. Lovsprings EMT Basis 1 2000"]
[Site "Ringsted"]
[Date "2000.04.07"]
[Round "3"]
[White "Nielsen, Carl Otto"]
[Black "Jorgensen, Lars"]
[Result "1-0"]
[WhiteElo "1729"]
[BlackElo "1801"]
[PlyCount "65"]
[EventDate "2000.??.??"]

1. d4 Nf6 2. c4 e6 3. Nc3 d5 4. Bg5 Nbd7 5. e3 c6 6. Nf3 Qa5 7. Nd2 Bb4 8. Qc2
dxc4 9. Bxf6 Nxf6 10. Nxc4 Qc7 11. Bd3 O-O 12. O-O c5 13. Nb5 Qd8 14. a3 Ba5
15. dxc5 Bd7 16. Ne5 Bxb5 17. Bxb5 Qd5 18. Nf3 Rac8 19. b4 Bd8 20. Rfd1 Qh5 21.
Rd4 Nd5 22. Rad1 Bf6 23. R4d3 b6 24. Ba6 Rc7 25. c6 Be7 26. Rd4 g5 27. h3 f5
28. Be2 f4 29. e4 Nf6 30. Ne5 Qh4 31. Qb3 h5 32. Qxe6+ Kg7 33. Nf3 1-0

[Event "11. Lovsprings EMT Basis 1 2000"]
[Site "Ringsted"]
[Date "2000.04.07"]
[Round "3"]
[White "Rasmussen, Henning"]
[Black "Dickow, Flemming"]
[Result "0-1"]
[WhiteElo "1834"]
[BlackElo "1739"]
[PlyCount "64"]
[EventDate "2000.??.??"]

1. d4 g6 2. e4 Bg7 3. c4 d6 4. Nc3 Nd7 5. Nf3 e5 6. Be3 Ngf6 7. Be2 O-O 8. h3
exd4 9. Nxd4 Re8 10. Qc2 Nc5 11. f3 a5 12. O-O-O Nfd7 13. Ndb5 Ne6 14. Qd2 a4
15. f4 a3 16. Nxa3 c6 17. Nab1 Nec5 18. b4 Nxe4 19. Nxe4 Rxe4 20. Bd3 Re8 21.
a3 Qf6 22. Rhe1 Rd8 23. Bf1 Nf8 24. Bd4 Qxd4 25. Qxd4 Bxd4 26. Rxd4 Bf5 27.
Red1 Bxb1 28. Kxb1 Rxa3 29. Kb2 Rda8 30. Rxd6 Ra2+ 31. Kc3 Ne6 32. f5 R8a3# 0-1

[Event "11. Lovsprings EMT Basis 1 2000"]
[Site "Ringsted"]
[Date "2000.04.07"]
[Round "3"]
[White "Vandrup, Lars"]
[Black "Eckert, Svend"]
[Result "0-1"]
[WhiteElo "1674"]
[BlackElo "1650"]
[PlyCount "82"]
[EventDate "2000.??.??"]

1. e4 c5 2. Nf3 Nc6 3. d4 cxd4 4. Nxd4 Nf6 5. Nc3 d6 6. Bc4 e6 7. f3 Be7 8. Be3
O-O 9. Qd2 Ne5 10. Bb3 a6 11. a4 Bd7 12. O-O Rc8 13. Qf2 Qc7 14. Rab1 Nc4 15.
Bc1 e5 16. Nde2 d5 17. Bxc4 Qxc4 18. b3 Qc6 19. Qg3 d4 20. Qxe5 Bd6 21. Qg5
dxc3 22. e5 Qc5+ 23. Kh1 Qxe5 24. Qxe5 Bxe5 25. Ba3 Rfe8 26. Ng3 Bxg3 27. hxg3
Re2 28. Rfe1 Rxc2 29. g4 h6 30. Rbd1 Bc6 31. Rd3 Nd5 32. Bc1 Kh7 33. Kh2 Nb4
34. Rde3 Na2 35. Ba3 Rd8 36. Kg3 Rdd2 37. Rg1 Re2 38. Rxe2 Rxe2 39. Rh1 f6 40.
Rg1 a5 41. Kf4 Bd5 0-1

[Event "11. Lovsprings EMT Basis 1 2000"]
[Site "Ringsted"]
[Date "2000.04.14"]
[Round "4"]
[White "Eckert, Svend"]
[Black "Rasmussen, Henning"]
[Result "0-1"]
[WhiteElo "1650"]
[BlackElo "1834"]
[PlyCount "62"]
[EventDate "2000.??.??"]

1. e4 e6 2. c4 d5 3. cxd5 exd5 4. e5 f6 5. b3 Nc6 6. Bb5 Bd7 7. Qe2 Nd4 8.
Bxd7+ Qxd7 9. e6 Qxe6 10. Qxe6+ Nxe6 11. Ne2 Bd6 12. d4 c6 13. Be3 Ne7 14. Nd2
Nf5 15. O-O Kd7 16. Nf3 Nxe3 17. fxe3 Rae8 18. Rae1 Bb4 19. Rc1 h6 20. a3 Bd6
21. b4 Ng5 22. h4 Ne4 23. g4 g5 24. Kg2 Rhf8 25. hxg5 hxg5 26. Nc3 Nxc3 27.
Rxc3 Re4 28. Ne5+ fxe5 29. Rxf8 Bxf8 30. Kf3 exd4 31. exd4 Rxd4 0-1